Ingresos presuntos de las personas fs̕icas

Bibliographic Details
Main Author: Orozco Loya, Carlos
Format: eBook
Language:Spanish
Subjects:
Online Access:Acceso restringido

MARC

LEADER 00000nam a22000007a 4500
005 2018103103113.0
007 cr|||| ||||
008 181031s2018 mx |||||s|||| 00||0 spa d
035 |a 22112 
040 |a vLex 
090 |c 8236  |d 8236 
100 1 |a Orozco Loya, Carlos 
245 1 0 |a Ingresos presuntos de las personas fs̕icas  |h [Recurso electrn̤ico] /  |c Carlos Orozco Loya 
256 |a Servicio en ln̕ea 
300 |a 1 recurso electrn̤ico 
506 1 |a Disponible solo en los productos indicados  |d vLex Global  |d vLex Global (Academic Edition, excluding Law Schools)  |d vLex Global (U.S. Academic Edition, Law Schools)  |d vLex Global (U.S. Academic Edition, excluding Law Schools)  |d vLex Global (Academic Edition, Law Schools) 
650 0 4 |a Derecho Fiscal  |z Mx̌ico 
740 0 |a vLex Libros (Servicio en ln̕ea) 
856 4 0 |u http://vlex.com/source/ingresos-presuntos-personas-fisicas-22112  |z Acceso restringido 
942 |c BOOK 
999 0 |a Tax Law